Science Quiz

Random Science or Math Quiz

Two Minute Convoluted Math Quiz Stats

 Plays Quiz Updated Dec 10, 2012

Challenge
Share
Tweet
Embed
Score 0/10 Timer 02:00
4 Plays Today
% Correct
2
68.5%
5
65.9%
6
65.7%
4
64.8%
7
64.8%
8
62.2%
9
60.1%
3
58.1%
1
55.1%
0
47.3%

You're not logged in!

Compare scores with friends on all Sporcle quizzes.
Join for Free
OR
Log In

You Might Also Like...

Show Comments

Extras

Top Quizzes Today


Score Distribution

Your Account Isn't Verified!

In order to create a playlist on Sporcle, you need to verify the email address you used during registration. Go to your Sporcle Settings to finish the process.

Report this User

Report this user for behavior that violates our Community Guidelines.

Details: